[Event "Moscow op-B (Women) 13th"]
[Site "Moscow"]
[Date "2017.02.03"]
[Round "7"]
[White "Markelova, Lubov"]
[Black "Zayniddinova, Sabokhat"]
[Result "1/2-1/2"]
[WhiteElo "2155"]
[BlackElo "1818"]
[PlyCount "86"]
[EventDate "2017.01.28"]
[EventType "swiss"]
[EventRounds "9"]
[EventCountry "RUS"]
[SourceTitle "EXT 2018"]
[Source "ChessBase"]
[SourceDate "2017.10.13"]
[SourceVersion "1"]
[SourceVersionDate "2017.10.13"]
[SourceQuality "1"]

1. Nf3 c5 2. c4 b6 3. g3 Bb7 4. Bg2 g6 5. 0-0 Bg7 6. Nc3 Nf6 7. d4 cxd4 8. Qxd4 d6 9. Rd1 Nbd7 10. Be3 Rc8 11. Rac1 0-0 12. Qh4 a6 13. b3 Re8 14. Bh3 Rc7 15. g4 Qb8 16. g5 Nh5 17. Bg4 Bxc3 18. Rxc3 Ng7 19. Bc1 Nf8 20. Bb2 Bc8 21. Nd4 Bxg4 22. Qxg4 b5 23. Rdc1 Rec8 24. cxb5 Rxc3 25. Rxc3 Rxc3 26. Bxc3 axb5 27. Qe4 Nfe6 28. h4 Nxd4 29. Qxd4 e5 30. Qg4 Ne6 31. e3 Qc7 32. a4 bxa4 33. bxa4 Nc5 34. a5 Kf8 35. Qc4 Ke8 36. Bb4 Kd8 37. Qd5 Kc8 38. a6 Kb8 39. f4 exf4 40. exf4 Ka7 41. Qc4 Nxa6 42. Qxc7+ Nxc7 43. Bxd6 Nd5 1/2-1/2

[Event "Moscow op-B (Women) 13th"]
[Site "Moscow"]
[Date "2017.01.31"]
[Round "4"]
[White "Zayniddinova, Sabokhat"]
[Black "Smirnova, Ekaterina"]
[Result "1/2-1/2"]
[WhiteElo "1818"]
[BlackElo "2162"]
[PlyCount "110"]
[EventDate "2017.01.28"]
[EventType "swiss"]
[EventRounds "9"]
[EventCountry "RUS"]
[SourceTitle "EXT 2018"]
[Source "ChessBase"]
[SourceDate "2017.10.13"]
[SourceVersion "1"]
[SourceVersionDate "2017.10.13"]
[SourceQuality "1"]

1. c4 c6 2. Nf3 Nf6 3. Nc3 d5 4. e3 a6 5. d4 b5 6. b3 Bg4 7. Be2 e6 8. 0-0 Nbd7 9. Bb2 Bd6 10. h3 Bh5 11. Ne5 Bxe2 12. Nxe2 Qc7 13. cxd5 cxd5 14. Rc1 Qb8 15. f4 0-0 16. Qd3 Rc8 17. Rxc8+ Qxc8 18. Rc1 Qd8 19. Rc6 Nb8 20. Rc1 Ra7 21. Nc6 Nxc6 22. Rxc6 Qd7 23. Qc2 Rc7 24. Rxc7 Qxc7 25. Qxc7 Bxc7 26. b4 Ne4 27. Nc3 Nd2 28. Bc1 Nc4 29. Kf2 Bd6 30. a3 f5 31. Nb1 Kf7 32. Nd2 Nb6 33. Nb3 g6 34. g4 fxg4 35. hxg4 h5 36. gxh5 gxh5 37. Kg3 Kg6 38. Nc5 Bxc5 39. dxc5 Nc8 40. c6 Kf7 41. Bb2 Ke7 42. Bd4 Kd6 43. Bc5+ Kxc6 44. Kh4 Nd6 45. Bxd6 Kxd6 46. Kxh5 e5 47. Kg4 exf4 48. exf4 d4 49. Kf3 Kd5 50. f5 Ke5 51. f6 Kxf6 52. Ke4 d3 53. Kxd3 Ke5 54. Ke3 Kd5 55. Kd3 Ke5 1/2-1/2

[Event "Moscow op-B (Women) 13th"]
[Site "Moscow"]
[Date "2017.01.30"]
[Round "3"]
[White "Smirnova, Anastasia"]
[Black "Zayniddinova, Sabokhat"]
[Result "0-1"]
[WhiteElo "2111"]
[BlackElo "1818"]
[PlyCount "102"]
[EventDate "2017.01.28"]
[EventType "swiss"]
[EventRounds "9"]
[EventCountry "RUS"]
[SourceTitle "EXT 2018"]
[Source "ChessBase"]
[SourceDate "2017.10.13"]
[SourceVersion "1"]
[SourceVersionDate "2017.10.13"]
[SourceQuality "1"]

1. d4 d6 2. c4 g6 3. Nc3 Bg7 4. e4 Nf6 5. Nf3 0-0 6. Be2 Nbd7 7. 0-0 e5 8. d5 a5 9. Ne1 Nc5 10. f3 Nh5 11. g3 Bh3 12. Rf2 f5 13. Nd3 Nxd3 14. Bxd3 f4 15. g4 Nf6 16. Bf1 Bxf1 17. Qxf1 Nd7 18. b3 Kf7 19. Bd2 Rh8 20. Rg2 Bf6 21. Kf2 h5 22. gxh5 Rxh5 23. Qg1 g5 24. Nb5 Nc5 25. Ke2 b6 26. Qf2 Rh3 27. Nc3 Qh8 28. Rh1 Na6 29. Nb5 Qd8 30. Ra1 Qd7 31. Nc3 Nb4 32. Nb5 Na6 33. Nc3 Rg8 34. Re1 Rgh8 35. Kd1 Ke7 36. a3 Qe8 37. Kc2 Qh5 38. Rg4 Rxh2 39. Rg2 Rh1 40. Rgg1 Rh3 41. Nb5 Rh2 42. Rg2 Rxg2 43. Qxg2 Kd7 44. Qf2 Qh6 45. Rg1 Qh2 46. Rg2 Qh3 47. Rg1 Rh4 48. b4 axb4 49. axb4 g4 50. fxg4 Rxg4 51. Nxc7 Kxc7 0-1

[Event "Moscow op-B (Women)"]
[Site "Moscow"]
[Date "2015.02.07"]
[Round "8"]
[White "Lysenko, Viktoria"]
[Black "Zayniddinova, Sabokhat"]
[Result "1-0"]
[WhiteElo "1936"]
[BlackElo "1676"]
[PlyCount "113"]
[EventDate "2015.01.31"]
[EventType "swiss"]
[EventRounds "9"]
[EventCountry "RUS"]
[SourceTitle "CBM 164 Extra"]
[Source "ChessBase"]
[SourceDate "2015.03.02"]
[SourceVersion "1"]
[SourceVersionDate "2015.03.02"]
[SourceQuality "1"]

1. e4 e5 2. Nf3 Nc6 3. d4 exd4 4. Bc4 Bc5 5. c3 dxc3 6. Bxf7+ Kxf7 7. Qd5+ Ke8 8. Qxc5 Qe7 9. Qxe7+ Ngxe7 10. Nxc3 a6 11. 0-0 Rf8 12. Bg5 h6 13. Nd5 Nxd5 14. exd5 Ne7 15. Bxe7 Kxe7 16. Rfe1+ Kd6 17. Ne5 b5 18. Ng4 Kxd5 19. Rac1 Kd6 20. Red1+ Ke6 21. Rxc7 h5 22. Ne3 Rb8 23. g3 Rb7 24. Rc5 g6 25. f4 d6 26. Rg5 Rg7 27. f5+ Kf6 28. Rxg6+ Rxg6 29. fxg6 Rd8 30. Nd5+ Kg7 31. Nf4 d5 32. Nxh5+ Kxg6 33. Nf4+ Kg7 34. Rxd5 Rxd5 35. Nxd5 a5 36. a3 Kf7 37. Kf2 Be6 38. Nf4 Bc4 39. Ke3 Kf6 40. h4 Kf5 41. Kf3 b4 42. g4+ Kf6 43. axb4 axb4 44. Ke4 b3 45. g5+ Kg7 46. h5 Kh7 47. Kf5 Kg7 48. Kg4 Kh7 49. h6 Bf7 50. Kf5 Bg8 51. Kf6 Bc4 52. Ne6 Bd3 53. Nf8+ Kg8 54. h7+ Kh8 55. g6 Bxg6 56. Nxg6+ Kxh7 57. Nf8+ 1-0

[Event "Moscow op-B (Women)"]
[Site "Moscow"]
[Date "2015.02.06"]
[Round "7"]
[White "Kiseleva, Ekaterina"]
[Black "Zayniddinova, Sabokhat"]
[Result "0-1"]
[WhiteElo "1914"]
[BlackElo "1676"]
[PlyCount "68"]
[EventDate "2015.01.31"]
[EventType "swiss"]
[EventRounds "9"]
[EventCountry "RUS"]
[SourceTitle "CBM 164 Extra"]
[Source "ChessBase"]
[SourceDate "2015.03.02"]
[SourceVersion "1"]
[SourceVersionDate "2015.03.02"]
[SourceQuality "1"]

1. e4 e5 2. Nf3 Nc6 3. Bb5 a6 4. Ba4 Nf6 5. 0-0 b5 6. Bb3 Be7 7. Re1 0-0 8. c3 d6 9. d3 h6 10. Nbd2 Na5 11. Bc2 c5 12. Nf1 Be6 13. Ne3 Qd7 14. d4 Qc7 15. d5 Bd7 16. a4 Rfb8 17. axb5 axb5 18. b3 c4 19. b4 Nb3 20. Rxa8 Rxa8 21. Bb2 Ra2 22. Qb1 Qa7 23. Bxb3 cxb3 24. Nd2 Qa4 25. Nd1 Ng4 26. f3 Bg5 27. Re2 Bxd2 28. Rxd2 Qa7+ 29. Nf2 Ne3 30. Re2 Nc4 31. Qc1 Nxb2 32. Rxb2 Ra1 33. Rb1 Rxb1 34. Qxb1 Qa2 0-1

[Event "Moscow op-B (Women)"]
[Site "Moscow"]
[Date "2015.02.04"]
[Round "5"]
[White "Shalukhina, Tatyana"]
[Black "Zayniddinova, Sabokhat"]
[Result "1-0"]
[WhiteElo "1993"]
[BlackElo "1676"]
[PlyCount "75"]
[EventDate "2015.01.31"]
[EventType "swiss"]
[EventRounds "9"]
[EventCountry "RUS"]
[SourceTitle "CBM 164 Extra"]
[Source "ChessBase"]
[SourceDate "2015.03.02"]
[SourceVersion "1"]
[SourceVersionDate "2015.03.02"]
[SourceQuality "1"]

1. e4 e5 2. Bc4 Nf6 3. d3 Nc6 4. Nf3 Be7 5. 0-0 0-0 6. Re1 d6 7. a4 Bg4 8. h3 Bd7 9. Nc3 Nd4 10. Nxd4 exd4 11. Ne2 c5 12. c3 dxc3 13. Nxc3 Be6 14. Bf4 a6 15. Qb3 Qd7 16. Rad1 Rad8 17. d4 Bxc4 18. Qxc4 cxd4 19. Rxd4 Rc8 20. Qd3 Rfd8 21. Rd1 Rc6 22. e5 Ne8 23. exd6 Bf6 24. Rc4 Bxc3 25. Qxc3 Rdc8 26. Rxc6 Rxc6 27. Qe5 Rc8 28. b3 Kf8 29. Qh5 Nf6 30. Qh4 Qf5 31. Bg5 Nd7 32. Re1 f6 33. Bf4 Rc3 34. Re7 Rxb3 35. Bh6 Ne5 36. Bxg7+ Kg8 37. Bxf6 Ng6 38. Qc4+ 1-0